| 000 | 00662nab a2200217 a 4500 | ||
|---|---|---|---|
| 005 | 20230531063701.0 | ||
| 008 | 991125s1985 mx 000 0 spa u | ||
| 035 | _aUPN01000182702 | ||
| 100 | 1 | _aLlorente, Carmen | |
| 222 | _aEDUCATIO SIGLO XXI | ||
| 245 | _aEstudio sobre Campus Andaluz Virtual (CAV) : visiones desde los profesores participantes | ||
| 260 | _aMurcia, EspaƱa | ||
| 300 | _a303-322 | ||
| 362 | 0 | _a2011 Vol. 29, no. 1 | |
| 653 | 0 | _aEDUCACION SUPERIOR | |
| 653 | 0 | _aFORMACION DOCENTE | |
| 653 | 0 | _aENTORNOS VIRTUALES DE APRENDIZAJE | |
| 700 | 1 |
_aCabero Almenara, Julio _ecoaut. _934761 |
|
| 700 | 1 | _ucabero@us.es | |
| 905 | _aArticulo | ||
| 999 |
_c154805 _d154805 |
||